000 00561nam a2200205Ii 4500
003 JO-AjNU
008 230606s9999||||xx |||||||||||||| ||und||
020 _a978-3-319-10776-9
040 _aJO-AjNU
_beng
_erda
_cJO-AjNU
041 _aeng
050 1 4 _aQA380.2015
100 3 _aLiebscher,Stefan,
_eauthor
_94307
245 0 0 _aBifurcation Without Parameters
264 3 1 _aspringer,2015
300 _a141p
336 _atext
_btxt
_2rdacontent
337 _aunmediated
_bn
_2rdamedia
338 _avolume
_bnc
_2rdacarrier
650 4 _a Mathematics. 
_94308
999 _aE2239
_c2237
_d2237